The Governmental system of the Prophet Muhammad : a comparative study in Constitutional Law /
Saved in:
| Main Author: | |
|---|---|
| Format: | Thesis |
| Language: | English |
| Published: |
Scotland :
University of St Andrews,
1971
|
| Subjects: | |
| Tags: |
Add Tag
No Tags, Be the first to tag this record!
|
| LEADER | 012390000a22002650004500 | ||
|---|---|---|---|
| 008 | 120727t1971 xxk f m 000 0 eng d | ||
| 040 | |a UIAM |b eng | ||
| 050 | |a JQ1852.A5 | ||
| 100 | 1 | |a Mallah, Hashim Yahya | |
| 245 | 1 | 4 | |a The Governmental system of the Prophet Muhammad : |b a comparative study in Constitutional Law / |c by Hashim Y Al Mallah |
| 260 | |a Scotland : |b University of St Andrews, |c 1971 | ||
| 300 | |a v, 335 p. ; |c 30 cm. | ||
| 500 | |a "A thesis submitted to the University of St. Andrews for the degree of Doctor Philosophy." -- On t. p. | ||
| 502 | |a Thesis (Ph. D.) -- University of St. Andrews, 1971 | ||
| 504 | |a Includes bibliographical references (p. 298-335). | ||
| 596 | |a 1 | ||
| 600 | 1 | 0 | |a Muhammad, |c Prophet, |d d. 632 |x Political and social views |
| 650 | 0 | |a Islam and state |x History |z Saudi Arabia Medina | |
| 650 | 0 | |a Public administration |x History |z Islamic Empire | |
| 651 | 0 | |a Islamic Empire |x Politics and government | |
| 655 | 0 | 7 | |a Theses, Facsimile edition (Islamic) |
| 710 | 2 | |a University of St. Andrews | |
| 900 | |a hj-sar | ||
| 999 | |c 432457 |d 463638 | ||
| 952 | |0 0 |6 TI JQ 001852 A5 M252G 1971 |7 0 |8 THESES |9 753852 |a IIUM |b IIUM |c MULTIMEDIA |g 640.00 |o ti JQ 1852 A5 M252G 1971 |p 00011202335 |r 2017-10-23 |t 1 |v 640.00 |y THESIS | ||
